000
00340 a2200157 4500
001
190504
020
_a
978-0-521-68327-2
040
_c
Magnum
100
_a
Campbell, Colin
240
1
0
_a
What a lottery!
_l
ING
245
1
0
_a
What a lottery!
300
_a
32
362
0
_a
2006
697
_a
LITERATURA JUVENIL ESTRANGEIRA
942
_c
BK
999
_c
190504
_d
190504